Country Name Etymologies #3 - Statistics

General Stats
  • This quiz has been taken 64 times
  • The average score is 7 of 21
Answer Stats
Hint Country % Correct
Spanish for "trinity" and "tobacco" Trinidad and Tobago
81%
It's name can either be Malay and Portugueseor Malay and English but in both it is "East East" East Timor
77%
"Lion Mountains" Sierra Leone
77%
"Field of Blackbird" from Serbian Kosovo
55%
"Fortress built near water" from Arabic. "Kut" Kuwait
51%
From Sanskrit for "Garland of Islands" Maldives
49%
"Land of the Red Sea" in Italicized Latinized Greek Eritrea
43%
"Melita", Greek for honey Malta
43%
"Forest", from the Nahuatl Cuauhtēmallān Guatemala
36%
Named after a lake, whose name means "Lake" Chad
32%
"Moons" from the Arabic "Jazā'ir al-Qamar", or"Islands of the Moon" Comoros
28%
"Mountainous Land" from Taíno/Arawak Haiti
25%
Spanish for "Depths" Honduras
19%
"Land of Honest Men" from Mossi and Dyula Burkina Faso
17%
Taíno/Arawak for "Land of Wood and Water" Jamaica
17%
Named after a desert meaning "Area where there is Nothing" Namibia
17%
"Land of Many Waters" in an indigenous language. Guyana
9%
"Alliance of the Ten Tribes" in Turkic, On-ogur Hungary
9%
Portuguese for a type of cloak whose names derives from the Arabic "Qabā" Gabon
8%
"Land of the Forty Tribes" Kyrgyzstan
8%
"King", adopted on independence only. Ghana
0%
No matching quizzes found
Score Distribution
Percent of People with Each Score
Percentile by Number Answered
Your Score History
You have not taken this quiz